Statistiques concernant Qui est ce dictateur ? - Clic Quiz

Cliquez ici pour prendre le quiz!

Statistiques générales

  • Ce quiz a été pris 344 fois
  • Le résultat moyen est 9 sur 20

Statistiques - réponses

HintRéponse% Correct
S'est suicidé1. Adolf Hitler
91%
Est né en 100 avant J-C5. Jules César
89%
A été refusé aux beaux-arts1. Adolf Hitler
74%
A été photographié montant un cheval en étant torse nu9. Vladimir Poutine
70%
A une ceinture noire de Judo9. Vladimir Poutine
63%
Était végétarien1. Adolf Hitler
55%
Était appelé "Baby Doc"3. Jean-Claude Duvalier
52%
S'est exilé à Paris après la chute de son régime3. Jean-Claude Duvalier
49%
Son "Grand Bond en avant" a tué au moins 15 millions de personnes7. Mao Zedong
49%
A kidnappé un réalisateur de films pour développer les films dans son pays6. Kim Jong-il
41%
Dormait souvent dans une tente lors de ses déplacements à l'étranger8. Mouammar Kadhafi
41%
Jouait au Baseball2. Fidel Castro
39%
Aussi appelé le "Colonel"8. Mouammar Kadhafi
37%
A accusé ses docteurs juifs d'avoir essayé de le tuer4. Joseph Staline
34%
Est derrière l'explosion du vol Pan Am 103 au-dessus de Lockerbie, en Écosse8. Mouammar Kadhafi
31%
A dirigé son pays plus de 50 ans2. Fidel Castro
28%
A fréquenté un séminaire (établissement formant des prêtres)4. Joseph Staline
27%
A serré la main de Richard Nixon7. Mao Zedong
23%
Détenait officiellement le titre de dictateur5. Jules César
19%
Était appelé "Cher dirigeant"6. Kim Jong-il
19%

Distribution des résultats

Percentile par nombre de réponses

% des personnes avec chaque résultat

Votre développement - résultats

Vous n’avez pas pris ce quiz